Statistics for Most Common Names in Pop Song Titles (1960-2014)

Click here to take the quiz!

General Stats

  • This quiz has been taken 101 times
  • The average score is 7 of 20

Answer Stats

HintName% Correct
#1 FMary
85%
#3 MJohn
80%
#8 MJames
43%
#2 FMaria
43%
#4 MJack
40%
#3 FJane
40%
#2 MJoe
35%
#1 MJohnny
33%
#10 MPeter
32%
#6 FAnne
30%
#7 MBilly
30%
#8 FLaura
24%
#9 FLinda
24%
#7 FJenny
23%
#6 MJimmy
23%
#10 FMarie
23%
#4 FAnnie
20%
#5 MJesus
13%
#5 FRuby
10%
#9 MJoey
8%

Score Distribution

Percentile by Number Answered

Percent of People with Each Score

Your Score History

You have not taken this quiz